Tópica y filosofía del Derecho

Gorde:
Xehetasun bibliografikoak
Egile nagusia: Viehweg, Theodor (Egilea)
Formatua: Liburua
Hizkuntza:gaztelania
Argitaratua: Barcelona Gedisa 1997
Edizioa:2a. ed
Saila:Estudios Alemanes
Gaiak:
Etiketak: Etiketa erantsi
Etiketarik gabe, Izan zaitez lehena erregistro honi etiketa jartzen!

MARC

LEADER 00000cam a2200000 a 4500
001 UCE9990
003 CL-VaPUC
008 151112e19970000sp |||||||||||||||||spa|d
020 |a 9788474324105 
082 0 4 |a 340.1  |b VIE  |2 21 
100 0 |a Viehweg, Theodor  |e author  |9 582975 
245 1 0 |a Tópica y filosofía del Derecho 
250 |a 2a. ed 
300 |a 204 p 
942 |c BK 
945 |d 20151112 20:22:00  |a dcastane 
260 |a Barcelona  |b Gedisa  |c 1997 
650 0 |a Filosofía del derecho   |9 255050 
650 0 |a Jurisprudencia  |9 255952 
650 0 |a Teoría del derecho  |9 255982 
583 |a last modification  |c 20151112 20:22:00  |k Rodrigo Vera 
490 0 |a Estudios Alemanes 
999 |c 361624  |d 361622 
952 |0 0  |1 0  |3 erb  |4 0  |6 340_100000000000000_VIE_1997  |7 0  |8 A  |9 472224  |a BIBEDU  |b BIBEDU  |i 524997K  |o 340.1 VIE 1997  |p 524997K  |r 2019-11-24  |w 2019-11-24  |y BK  |z Catalogado en:20151112  |k FIL